| 000 | 00475nam a2200193Ia 4500 | ||
|---|---|---|---|
| 005 | 20240823045852.0 | ||
| 008 | 240823s9999||||xx |||||||||||||| ||und|| | ||
| 020 | _a978-81-7371-268-5 | ||
| 041 | _aENGLISH | ||
| 082 | _A621.3678 Q2 | ||
| 100 | _aNarayan L R A | ||
| 245 | 0 | _aRemote Sensing and its Applications | |
| 250 | _a1st | ||
| 260 |
_c2012 _b"Universities Press, " |
||
| 500 | _aYES | ||
| 650 |
_aRemote Sensing _bElectronics |
||
| 942 | _cBK | ||
| 999 |
_c215948 _d215948 |
||